• 首页
  • 本馆介绍
  • 公告通知
  • 最新文献
  • 馆藏检索
  • 电子资源
  • 读者导购
  • 参考咨询
  • 我的图书馆
  • 登录
  • 详细信息显示
  • 放入我的书架
  • 预约/预借图书
  • 作者相关作品
  • 分类相关作品
  • 丛书相关作品
  • 出版社相关作品

书目信息

  • 表格格式
  • 工作单格式
  • 卡片格式
题名:
发音基础知识
    
 
作者: 李振麟 著
分册:  
出版信息: 上海   上海教育出版社  1984
页数: 82页
开本: 17cm
丛书名: 汉语知识讲话
单 册:
中图分类: H116.1
科图分类:
主题词: 汉语--发音--现代
电子资源:
ISBN:
000 00671nam2 2200253 45
001 0184003439
005 20041118091251.1
010    @dCNY0.24
091    @a7150.3268
100    @a19950413d1984 em y0chiy0121 ea
101 0  @achi
102    @aCN@b310000
105    @ay z 000yy
200 10 @a发音基础知识@Afa yin ji chu zhi shi@f李振麟著@FLi Zhen Lin Zhu
210    @a上海@c上海教育出版社@d1984
215    @a82页@d17cm
225 2  @a汉语知识讲话
410  0 @120010@a汉语知识讲话
606    @a汉语@x发音@z现代
690    @aH116.1@v3
701  0 @a李振麟@4著
801  0 @aCN@b上海图书馆@c20040422
801  2 @aCN@bNLC@c20040422
905    @dH116.1@e22@f1@b127906
    
    发音基础知识/李振麟著.-上海:上海教育出版社,1984
    82页;17cm.-(汉语知识讲话)
    
    
    ISBN :CNY0.24
    
●
相关链接 在E读中查询图书 在五车中查询图书 在当当中查询图书 在豆瓣中查询图书


正题名:发音基础知识     索取号:H116.1/22         预约/预借

序号 登录号 条形码 馆藏地/架位号 状态 备注
1 0127903   000831078   第四借阅区/ [索取号:H116.1/22] 在馆    
2 0127904   001877213   密集书库/ [索取号:H116.1/22] 在馆    
3 0127905   000831069   第四借阅区/ [索取号:H116.1/22] 在馆    
4 0127906   000831041   密集书库/ [索取号:H116.1/22] 在馆    
5 0127907   000831050   第二样本阅览室/ [索取号:H116.1/22] 在馆    
唐山师范学院图书馆 欢迎您!
大连网信软件有限公司© 版权所有